=LDR 00000nam 2200000 4500 =001 INLIS000000000028080 =005 20200221024055 =035 ##$$a 0010-061300000028080 =008 200221################g##########0#ind## =041 ##$$a Ind =082 ##$$a 113.8 =090 ##$$a 113.8, Van t =100 1#$$a Vannoy, Steven W =245 1#$$a Tujuh belas anugerah terindah untuk orangtua, belajar dari "kearifan" anak-anak, /$c Steven W Vannoy =260 ##$$a Bandung :$b Kaifa,$c 2000 =300 ##$$a 225 hlm ; $c 24 x 16 cm. =650 #4$$a Filsafat Kehidupan =850 ##$$a NBPNMAT =020 ##$$a 979-9452-10-4 =084 ##$$a 113.8 VAN t =250 ##$$a cet. 1 =990 ##$$a 1200100049 =990 ##$$a 1200100050 =990 ##$$a 160.740/Pro-2001 =990 ##$$a 1200100049 =990 ##$$a 160.741/Pb-2001 =990 ##$$a 160.740/Pro-2001 =990 ##$$a 160.740/Pro-2001 =990 ##$$a 160.741/Pb-2001